Khoa học môi trường
Sách cung cấp cho người học những kiến thức cơ bản về các vấn đề chung về khoa học môi trường; các thành phần cơ bản của môi trường; hệ sinh thái và sự vận dụng các nguyên lý sinh thái học vào môi trường; các kiểu hệ sinh thái chính;...
Tallennettuna:
| Päätekijä: | |
|---|---|
| Aineistotyyppi: | Kirja |
| Kieli: | Undetermined |
| Julkaistu: |
Hà Nội
Giáo dục Việt Nam
2012
|
| Aiheet: | |
| Tagit: |
Lisää tagi
Ei tageja, Lisää ensimmäinen tagi!
|
| Thư viện lưu trữ: | Trung tâm Học liệu Trường Đại học Cần Thơ |
|---|
| LEADER | 01423nam a2200205Ia 4500 | ||
|---|---|---|---|
| 001 | CTU_95538 | ||
| 008 | 210402s9999 xx 000 0 und d | ||
| 020 | |c 80000 | ||
| 082 | |a 577 | ||
| 082 | |b Kh401 | ||
| 100 | |a Lê, Văn Khoa | ||
| 245 | 0 | |a Khoa học môi trường | |
| 245 | 0 | |c Lê Văn Khoa (chủ biên) | |
| 260 | |a Hà Nội | ||
| 260 | |b Giáo dục Việt Nam | ||
| 260 | |c 2012 | ||
| 520 | |a Sách cung cấp cho người học những kiến thức cơ bản về các vấn đề chung về khoa học môi trường; các thành phần cơ bản của môi trường; hệ sinh thái và sự vận dụng các nguyên lý sinh thái học vào môi trường; các kiểu hệ sinh thái chính; vấn đề tài nguyên thiên nhiên; vấn đề dân số và môi trường, tác động của con người đối với môi trường; ô nhiễm môi trường ; vấn đề lương thực và nạn đói trên thế giới; phát triển bền vững và bảo vệ môi trường; giáo dục môi trường ... | ||
| 650 | |a Ecology, economy & environment,Khoa học môi trường,Sinh thái học, kinh tế và môi trường,Environmental science | ||
| 904 | |i Qhieu | ||
| 980 | |a Trung tâm Học liệu Trường Đại học Cần Thơ | ||